[Event "Scottish Centenary Invitation"]
[Site "Troon"]
[Date "1984.07.19"]
[Round "8"]
[White "Cramling, Pia"]
[Black "Motwani, Paul"]
[Result "0-1"]
[WhiteElo "2405"]
[BlackElo "2355"]
[PlyCount "74"]
[EventDate "1984.07.12"]
[EventType "tourn"]
[EventRounds "9"]
[EventCountry "SCO"]
[EventCategory "7"]
[SourceTitle "BritBase"]
[Source "John Saunders"]
[SourceDate "2024.02.12"]
[SourceVersion "1"]
[SourceVersionDate "2024.02.12"]
[SourceQuality "1"]

1. Nf3 Nf6 2. c4 b6 3. g3 c5 4. Bg2 Bb7 5. Nc3 g6 6. O-O Bg7 7. d4 Ne4 8. Nxe4
Bxe4 9. d5 O-O 10. Qb3 d6 11. Bh3 Bxf3 12. exf3 a6 13. Re1 Nd7 14. Bg5 Re8 15.
a4 Rb8 16. Re2 Nf6 17. Bd2 Rb7 18. Bc3 Qb8 19. Rae1 b5 20. f4 Nh5 21. cxb5 axb5
22. axb5 Rxb5 23. Qa4 Bxc3 24. bxc3 Nf6 25. Qa2 Qc7 26. Qc4 Qb7 27. Bg2 Rb1 28.
Bf3 Kf8 29. Kg2 Rxe1 30. Rxe1 Ra8 31. f5 Ra3 32. Re3 Qb1 33. fxg6 hxg6 34. Qh4
Kg7 35. Rxe7 Ra1 36. Be2 Qh1+ 37. Kh3 Rg1 0-1

[Event "Scottish Centenary Invitation"]
[Site "Troon"]
[Date "1984.07.19"]
[Round "8"]
[White "McNab, Colin Anderson"]
[Black "Psakhis, Lev"]
[Result "1/2-1/2"]
[WhiteElo "2370"]
[BlackElo "2565"]
[PlyCount "30"]
[EventDate "1984.07.12"]
[EventType "tourn"]
[EventRounds "9"]
[EventCountry "SCO"]
[EventCategory "7"]
[SourceTitle "BritBase"]
[Source "John Saunders"]
[SourceDate "2024.02.12"]
[SourceVersion "1"]
[SourceVersionDate "2024.02.12"]
[SourceQuality "1"]

1. Nf3 f5 2. c4 Nf6 3. Nc3 d6 4. d4 g6 5. g3 Bg7 6. Bg2 O-O 7. O-O Qe8 8. d5
Na6 9. Nd4 Bd7 10. Re1 c6 11. e4 fxe4 12. Nxe4 Nxe4 13. Rxe4 Nc7 14. Bg5 Rf7
15. Qb3 Na6 1/2-1/2

[Event "Scottish Centenary Invitation"]
[Site "Troon"]
[Date "1984.07.19"]
[Round "8"]
[White "Pritchett, Craig William"]
[Black "Shamkovich, Leonid A"]
[Result "1/2-1/2"]
[WhiteElo "2395"]
[BlackElo "2455"]
[PlyCount "67"]
[EventDate "1984.07.12"]
[EventType "tourn"]
[EventRounds "9"]
[EventCountry "SCO"]
[EventCategory "7"]
[SourceTitle "BritBase"]
[Source "John Saunders"]
[SourceDate "2024.02.12"]
[SourceVersion "1"]
[SourceVersionDate "2024.02.12"]
[SourceQuality "1"]

1. e4 g6 2. d4 Bg7 3. Nf3 d6 4. Nc3 c6 5. Be2 Nf6 6. O-O O-O 7. Re1 Qc7 8. h3
e5 9. a4 Nbd7 10. Be3 Re8 11. dxe5 dxe5 12. Qd2 Nf8 13. Rad1 Ne6 14. Qd6 Qxd6
15. Rxd6 Bf8 16. Rdd1 Nc5 17. Nd2 Be6 18. f3 Nfd7 19. b3 Nb6 20. a5 Nc8 21. Nc4
f6 22. f4 exf4 23. Bxf4 b5 24. axb6 axb6 25. e5 b5 26. Nd6 Nxd6 27. exd6 Bd7
28. Bf3 f5 29. Be3 Ne6 30. g4 Bg7 31. Ne2 Rf8 32. gxf5 Rxf5 33. Bg4 Rf7 34. Nd4
1/2-1/2

[Event "Scottish Centenary Invitation"]
[Site "Troon"]
[Date "1984.07.19"]
[Round "8"]
[White "Raicevic, Vladimir"]
[Black "Condie, Mark L"]
[Result "1-0"]
[WhiteElo "2395"]
[BlackElo "2360"]
[PlyCount "93"]
[EventDate "1984.07.12"]
[EventType "tourn"]
[EventRounds "9"]
[EventCountry "SCO"]
[EventCategory "7"]
[SourceTitle "BritBase"]
[Source "John Saunders"]
[SourceDate "2024.02.12"]
[SourceVersion "1"]
[SourceVersionDate "2024.02.12"]
[SourceQuality "1"]

1. d4 Nf6 2. c4 e6 3. Nf3 b6 4. Bg5 Bb7 5. e3 h6 6. Bh4 c5 7. Nc3 cxd4 8. exd4
Be7 9. Bd3 O-O 10. O-O d6 11. Rc1 Nbd7 12. Re1 Re8 13. b4 Rc8 14. h3 Nh5 15.
Bxe7 Qxe7 16. d5 Nf4 17. Bf1 Ne5 18. Nxe5 dxe5 19. d6 Qg5 20. Qg4 Qxg4 21. hxg4
Red8 22. Red1 e4 23. Nb5 a6 24. Nc7 Nd3 25. c5 Nxb4 26. a3 Nc6 27. cxb6 Nb8 28.
a4 Rd7 29. Rd2 Ba8 30. Rb1 Bb7 31. a5 Rcd8 32. Rbd1 Kh7 33. Bc4 Kg6 34. Bb3 Bc6
35. Kh2 Kf6 36. Kg3 g5 37. Bc4 Bb7 38. f4 e3 39. Re2 Kg6 40. f5+ exf5 41. gxf5+
Kxf5 42. Rxe3 Kg6 43. Bd3+ f5 44. Re6+ Kf7 45. Bxf5 h5 46. Rh6 Kg7 47. Rxh5 1-0

[Event "Scottish Centenary Invitation"]
[Site "Troon"]
[Date "1984.07.20"]
[Round "9"]
[White "Condie, Mark L"]
[Black "Morrison, Graham"]
[Result "1/2-1/2"]
[WhiteElo "2360"]
[BlackElo "2335"]
[PlyCount "32"]
[EventDate "1984.07.12"]
[EventType "tourn"]
[EventRounds "9"]
[EventCountry "SCO"]
[EventCategory "7"]
[SourceTitle "BritBase"]
[Source "John Saunders"]
[SourceDate "2024.02.12"]
[SourceVersion "1"]
[SourceVersionDate "2024.02.12"]
[SourceQuality "1"]

1. d4 Nf6 2. Nf3 d5 3. c4 e6 4. Bg5 Be7 5. Nc3 O-O 6. e3 h6 7. Bh4 b6 8. Bd3
Bb7 9. O-O Nbd7 10. Qe2 c5 11. Rac1 dxc4 12. Bxc4 a6 13. Rfd1 b5 14. Bd3 cxd4
15. Nxd4 Qb6 16. Ne4 Rac8 1/2-1/2

[Event "Scottish Centenary Invitation"]
[Site "Troon"]
[Date "1984.07.20"]
[Round "9"]
[White "Plaskett, H James"]
[Black "Cramling, Pia"]
[Result "1/2-1/2"]
[WhiteElo "2470"]
[BlackElo "2405"]
[PlyCount "32"]
[EventDate "1984.07.12"]
[EventType "tourn"]
[EventRounds "9"]
[EventCountry "SCO"]
[EventCategory "7"]
[SourceTitle "BritBase"]
[Source "John Saunders"]
[SourceDate "2024.02.12"]
[SourceVersion "1"]
[SourceVersionDate "2024.02.12"]
[SourceQuality "1"]

1. e4 e6 2. d4 d5 3. Nd2 Nf6 4. Bd3 c5 5. c3 Nc6 6. Ngf3 cxd4 7. cxd4 Be7 8. e5
Nd7 9. O-O Qb6 10. Re1 Nxd4 11. Nxd4 Qxd4 12. Nf3 Qb6 13. Qc2 Qc5 14. Qe2 Qb6
15. Qc2 Qc5 16. Qe2 Qb6 1/2-1/2

[Event "Scottish Centenary op"]
[Site "Troon"]
[Date "1984.07.17"]
[Round "4"]
[White "Bryson, Douglas Marshall"]
[Black "Teichmann, Erik Oskar M C"]
[Result "1-0"]
[WhiteElo "2245"]
[BlackElo "2285"]
[PlyCount "41"]
[EventDate "1984.07.14"]
[EventType "swiss"]
[EventRounds "7"]
[EventCountry "SCO"]
[SourceTitle "BritBase"]
[Source "John Saunders"]
[SourceDate "2024.02.12"]
[SourceVersion "1"]
[SourceVersionDate "2024.02.12"]
[SourceQuality "1"]

1. e4 e5 2. Nf3 Nc6 3. d4 exd4 4. c3 dxc3 5. Bc4 cxb2 6. Bxb2 d6 7. Qb3 Qd7 8.
Bc3 Nf6 9. O-O Ng4 10. Rd1 Qe7 11. Rd3 Rb8 12. Nbd2 f6 13. Re1 Bd7 14. h3 Nge5
15. Nxe5 dxe5 16. Nf3 a6 17. Red1 Bc8 18. Bb4 Nxb4 19. Bf7+ Qxf7 20. Rd8+ Ke7
21. Qxb4+ 1-0